English Football Clubs That Have Played in Europe - Statistics

General Stats
  • This quiz has been taken 1,511 times
  • The average score is 31 of 39
Answer Stats
First entry Club % Correct
1963–64 Inter-Cities Fairs Cup Arsenal
99%
1968–69 European Cup Manchester City
99%
1956–57 European Cup Manchester United
99%
1958–60 Inter-Cities Fairs Cup Chelsea
98%
1975–76 UEFA Cup Aston Villa
97%
1964–65 European Cup Liverpool
97%
1961–62 European Cup Tottenham Hotspur
96%
1968–69 Inter-Cities Fairs Cup Newcastle United
93%
1964–65 European Cup Winners' Cup West Ham United
93%
1962–63 Inter-Cities Fairs Cup Everton
92%
1961–62 European Cup Winners' Cup Leicester City
91%
1965–66 Inter-Cities Fairs Cup Leeds United
90%
1961–62 Inter-Cities Fairs Cup Nottingham Forest
90%
1958–59 European Cup Wolverhampton Wanderers
88%
1969–70 Inter-Cities Fairs Cup Southampton
86%
2023–24 UEFA Europa League Brighton & Hove Albion
85%
2002 UEFA Intertoto Cup Fulham
85%
1961–62 European Cup Ipswich Town
84%
1973–74 European Cup Winners' Cup Sunderland
84%
1955–58 Inter-Cities Fairs Cup Birmingham City
83%
1994–95 UEFA Cup Blackburn Rovers
82%
1993–94 UEFA Cup Norwich City
81%
1960–61 European Cup Burnley
78%
2008–09 UEFA Cup Portsmouth
77%
1966–67 Inter-Cities Fairs Cup West Bromwich Albion
77%
1972–73 European Cup Derby County
75%
2004–05 UEFA Cup Middlesbrough
75%
2005–06 UEFA Cup Bolton Wanderers
74%
1998 UEFA Intertoto Cup Crystal Palace
73%
1961–62 Inter-Cities Fairs Cup Sheffield Wednesday
73%
2013–14 UEFA Europa League Wigan Athletic
70%
2014–15 UEFA Europa League Hull City
68%
1976–77 UEFA Cup Queens Park Rangers
68%
1970–71 Inter-Cities Fairs Cup Coventry City
64%
1972–73 UEFA Cup Stoke City
63%
1995 UEFA Intertoto Cup Wimbledon
60%
1983–84 UEFA Cup Watford
58%
2000 UEFA Intertoto Cup Bradford City
53%
2004–05 UEFA Cup Millwall
52%
No matching quizzes found
Score Distribution
Percent of People with Each Score
Percentile by Number Answered
Your Score History
You have not taken this quiz